[Event "World Blitz 2025"]
[Site "Doha QAT"]
[Date "2025.12.30"]
[Round "19.50"]
[White "Nguyen, Ngoc Truong Son"]
[Black "Aravindh, Chithambaram VR."]
[Result "1-0"]
[WhiteTitle "GM"]
[BlackTitle "GM"]
[WhiteElo "2600"]
[BlackElo "2703"]
[WhiteFideId "12401110"]
[BlackFideId "5072786"]
[EventDate "2025.12.29"]

1. e4 c5 2. c3 Nf6 3. e5 Nd5 4. Bc4 Nb6 5. Bb3 Nc6 6. Nf3 c4 7. Bc2 d6 8. exd6
Qxd6 9. Na3 Bg4 10. Qe2 Bxf3 11. Qxf3 Qe5+ 12. Qe2 e6 13. b3 Bxa3 14. Bxa3 O-O-O
15. Qxe5 Nxe5 16. Bc5 Rd5 17. Bd4 Nd3+ 18. Bxd3 cxd3 19. O-O-O Nd7 20. f4 Nf6
21. Rde1 Rxd4 22. cxd4 Rd8 23. Kb2 Rxd4 24. Rc1+ Kd7 25. Rc4 Rd6 26. Rhc1 Nd5
27. g3 Ke7 28. Rc8 h6 29. Rg8 Kf6 30. a3 Kg6 31. b4 Nf6 32. Rb8 Ne4 33. Rd1 Rc6
34. Rxb7 Rc2+ 35. Kb3 Nxd2+ 36. Rxd2 Rxd2 37. Rxa7 Kf5 38. Rd7 Ke4 39. b5 Rd1
40. Kb2 Rd2+ 41. Kc3 Rc2+ 42. Kb3 Rc1 43. Kb2 Rc5 44. a4 Ke3 45. b6 d2 46. Rxd2
Kxd2 47. b7 Rc2+ 48. Ka3 Rc3+ 49. Kb4 Rc1 50. Kb5 Rb1+ 51. Kc6 Ke2 52. a5 Rc1+
53. Kd6 Rd1+ 54. Ke7 Rb1 55. a6 Rb6 56. Kxf7 g5 57. fxg5 hxg5 58. Kf6 g4 59. a7
Rxb7 60. a8=Q Rb3 61. Qe4+ Kf2 62. Qc2+ 1-0

[Event "World Blitz 2025"]
[Site "Doha QAT"]
[Date "2025.12.30"]
[Round "19.51"]
[White "Oro, Faustino"]
[Black "Wojtaszek, Radoslaw"]
[Result "1-0"]
[WhiteTitle "IM"]
[BlackTitle "GM"]
[WhiteElo "2503"]
[BlackElo "2667"]
[WhiteFideId "20000197"]
[BlackFideId "1118358"]
[EventDate "2025.12.29"]

1. e4 e5 2. Nf3 Nc6 3. Bc4 Bc5 4. d3 Nf6 5. O-O d6 6. c3 a6 7. a4 h6 8. Nbd2 O-O
9. h3 Re8 10. Re1 Be6 11. Bxe6 Rxe6 12. b4 Ba7 13. Qc2 Qd7 14. Nf1 d5 15. Be3
Bxe3 16. Nxe3 Ne7 17. Rad1 Rd8 18. exd5 Nfxd5 19. Nc4 f6 20. Qb3 Kh8 21. Ncd2 b6
22. Ne4 Qc8 23. d4 exd4 24. Nxd4 Re5 25. Nf3 Re6 26. b5 axb5 27. axb5 Nf4 28.
Qc4 Rxd1 29. Rxd1 Neg6 30. Ng3 Re8 31. Kh2 Re7 32. Nd4 Ne5 33. Qf1 Rd7 34. Ra1
Qb7 35. Ngf5 Rd8 36. g3 Nfg6 37. Qe2 Qd5 38. f4 Nf7 39. Re1 Kh7 40. h4 Ra8 41.
c4 Qc5 42. Kh3 Ra3 43. Qe4 h5 44. Re2 Qb4 45. Nc2 Qb1 46. Nxa3 Qf1+ 47. Qg2 1-0

[Event "World Blitz 2025"]
[Site "Doha QAT"]
[Date "2025.12.30"]
[Round "19.52"]
[White "Madaminov, Mukhiddin"]
[Black "Le, Tuan Minh"]
[Result "0-1"]
[WhiteTitle "GM"]
[BlackTitle "GM"]
[WhiteElo "2552"]
[BlackElo "2598"]
[WhiteFideId "14210703"]
[BlackFideId "12401153"]
[EventDate "2025.12.29"]

1. e4 e5 2. Nf3 Nc6 3. Bb5 a6 4. Ba4 Bc5 5. c3 Nge7 6. d4 exd4 7. cxd4 Bb4+ 8.
Bd2 Bxd2+ 9. Qxd2 d5 10. exd5 Qxd5 11. Nc3 Qe6+ 12. Qe3 O-O 13. O-O Qd6 14. Rad1
Bg4 15. h3 Nf5 16. Qe4 Bxf3 17. Qxf3 Nfxd4 18. Qg4 Rad8 19. Bxc6 bxc6 20. Rfe1
c5 21. Qe4 h6 22. Qd3 Rfe8 23. Qc4 Qb6 24. Na4 Rxe1+ 25. Rxe1 Qb4 26. Rc1 Qd2
27. Rf1 Rd6 28. Qxc5 Qe2 29. Qc3 Qb5 30. Qa3 Rg6 31. Re1 Qc6 32. f3 Nxf3+ 33.
Kf1 Nxe1 0-1

[Event "World Blitz 2025"]
[Site "Doha QAT"]
[Date "2025.12.30"]
[Round "19.54"]
[White "Smirnov, Mark"]
[Black "Idani, Pouya"]
[Result "1/2-1/2"]
[WhiteTitle "FM"]
[BlackTitle "GM"]
[WhiteElo "2420"]
[BlackElo "2611"]
[WhiteFideId "13764594"]
[BlackFideId "12510130"]
[EventDate "2025.12.29"]

1. Nf3 c5 2. e3 d5 3. b3 Nf6 4. Bb2 g6 5. c4 dxc4 6. Bxc4 Bg7 7. O-O O-O 8. d4
cxd4 9. Nxd4 Bd7 10. Qe2 Nc6 11. Rd1 Qa5 12. Nd2 Ne5 13. Bb5 Rac8 14. Nc4 Bxb5
15. Nxa5 Bxe2 16. Nxe2 Neg4 17. Bxf6 Bxf6 18. Rac1 b6 19. Nc6 Ne5 20. Ned4 Rc7
21. Nxe5 Rxc1 22. Rxc1 Bxe5 23. Nc6 Bd6 24. Nxa7 Ra8 25. Rc8+ Rxc8 26. Nxc8 Bc5
27. b4 Bxb4 28. Nxb6 Kf8 29. Kf1 e6 30. Ke2 Ke7 31. Nc4 f6 32. Kd3 Kd7 33. Nb2
Bd6 34. h3 Be5 35. Na4 Kc6 36. Kc4 Bd6 37. Nb2 f5 38. Nd3 e5 39. Nb4+ Kb6 40.
Nd5+ Kc6 41. a4 e4 42. a5 Bh2 43. Nb4+ Kb7 44. Kc5 Bg1 45. a6+ Ka7 46. Kd4 Bxf2
47. Nd5 Kxa6 48. Nf6 f4 49. Kxe4 fxe3 50. Kf3 h5 51. Nd5 Kb5 52. Nf4 Kc4 53.
Nxg6 Kd3 54. Nf4+ Kd2 55. g3 Be1 56. Ne2 Bf2 57. Nf4 h4 58. g4 Bg3 59. Ne2 Be5
60. g5 Bg7 61. g6 Be5 62. Ng1 Bf6 63. Ne2 Be5 64. Ng1 Bf6 65. Ne2 Be5 66. Ng1 1/2-1/2

[Event "World Blitz 2025"]
[Site "Doha QAT"]
[Date "2025.12.30"]
[Round "19.55"]
[White "Gaehwiler, Gabriel"]
[Black "Sychev, Klementy"]
[Result "1/2-1/2"]
[WhiteTitle "IM"]
[BlackTitle "GM"]
[WhiteElo "2382"]
[BlackElo "2517"]
[WhiteFideId "1314530"]
[BlackFideId "4114060"]
[EventDate "2025.12.29"]

1. d4 d5 2. Nf3 Nf6 3. Bf4 c5 4. e3 e6 5. Nbd2 Qb6 6. Rb1 cxd4 7. exd4 Bd7 8. c4
dxc4 9. Nxc4 Qd8 10. Nd6+ Bxd6 11. Bxd6 Ne4 12. Ba3 Qa5+ 13. Nd2 Qxd2+ 14. Qxd2
Nxd2 15. Kxd2 Nc6 16. Ke3 Ne7 17. Bd3 Bc6 18. Bxe7 Kxe7 19. f3 Bd5 20. Rbc1 Rac8
21. a3 h6 22. Kd2 Kd6 23. Be4 Rc6 24. Rc3 Rhc8 25. Rhc1 b6 26. h4 R8c7 1/2-1/2

[Event "World Blitz 2025"]
[Site "Doha QAT"]
[Date "2025.12.30"]
[Round "19.56"]
[White "Vakhidov, Jakhongir"]
[Black "Lobanov, Sergei"]
[Result "1/2-1/2"]
[WhiteTitle "GM"]
[BlackTitle "GM"]
[WhiteElo "2516"]
[BlackElo "2527"]
[WhiteFideId "14201801"]
[BlackFideId "24183750"]
[EventDate "2025.12.29"]

1. c4 e6 2. Nc3 d5 3. d4 Nf6 4. cxd5 exd5 5. Bg5 Be7 6. e3 O-O 7. Bd3 h6 8. Bh4
Re8 9. Nf3 c6 10. Bg3 Bg4 11. h3 Bh5 1/2-1/2

[Event "World Blitz 2025"]
[Site "Doha QAT"]
[Date "2025.12.30"]
[Round "19.57"]
[White "Ponkratov, Pavel"]
[Black "Maksimovic, Bojan"]
[Result "1-0"]
[WhiteTitle "GM"]
[BlackTitle "GM"]
[WhiteElo "2587"]
[BlackElo "2533"]
[WhiteFideId "4157800"]
[BlackFideId "14408120"]
[EventDate "2025.12.29"]

1. Nf3 Nf6 2. g3 g6 3. Bg2 Bg7 4. c4 O-O 5. d4 d6 6. Nc3 Re8 7. O-O Bd7 8. e4 e5
9. d5 a5 10. Ne1 Na6 11. Nd3 b6 12. h3 Qe7 13. Be3 h5 14. b3 Nh7 15. h4 Qf8 16.
Qd2 Nc5 17. Rab1 Nxd3 18. Qxd3 Bh6 19. a3 Bxe3 20. Qxe3 Nf6 21. Rfc1 Ng4 22. Qd2
Ra7 23. Bh3 Raa8 24. f3 Nf6 25. Bxd7 Nxd7 26. Nb5 Rec8 27. b4 Qe7 28. Kg2 Kg7
29. Rb2 Qf6 30. Qg5 Qxg5 31. hxg5 axb4 32. axb4 Ra4 33. Rcc2 f6 34. gxf6+ Kxf6
35. Nc3 Ra1 36. Ra2 Ra8 37. Rxa8 Rxa8 38. Nb5 Rc8 39. Ra2 Ke7 40. Ra7 c6 41. Nc7
c5 42. b5 Rh8 43. Ne6 Rh7 44. Rxd7+ 1-0

[Event "World Blitz 2025"]
[Site "Doha QAT"]
[Date "2025.12.30"]
[Round "19.58"]
[White "Rakhmanov, Aleksandr"]
[Black "Sankalp, Gupta"]
[Result "0-1"]
[WhiteTitle "GM"]
[BlackTitle "GM"]
[WhiteElo "2585"]
[BlackElo "2557"]
[WhiteFideId "4173708"]
[BlackFideId "5097010"]
[EventDate "2025.12.29"]

1. e4 e6 2. d4 d5 3. Nd2 c5 4. c3 cxd4 5. cxd4 dxe4 6. Nxe4 Nc6 7. Nf3 Nf6 8.
Bd3 Be7 9. O-O O-O 10. Be3 Nb4 11. Bb1 Nbd5 12. Bd2 b6 13. Qe2 Bb7 14. a3 Re8
15. Neg5 h6 16. Nxe6 Qc8 17. Nxg7 Kxg7 18. Bxh6+ Kg8 19. Ne5 Bf8 20. Bxf8 Kxf8
21. Qd2 Ng8 22. Re1 Qe6 23. Bd3 Qh6 24. Qd1 Ngf6 25. Qf3 Re7 26. Rac1 Qf4 27.
Qh3 Kg7 28. g3 Qxd4 29. Qf5 Rh8 30. Rc4 Qxb2 31. h4 Qd2 32. Rcc1 Bc8 33. Qg5+
Qxg5 34. hxg5 Ng4 35. Nc6 Rxe1+ 36. Rxe1 Bb7 37. Nd4 Nde3 38. f3 Rh2 39. fxg4
Rg2+ 40. Kh1 Re2+ 41. Kg1 Rxe1+ 42. Kf2 Ra1 43. Nf5+ Nxf5 0-1

[Event "World Blitz 2025"]
[Site "Doha QAT"]
[Date "2025.12.30"]
[Round "19.59"]
[White "Vetokhin, Savva"]
[Black "Mitrabha, Guha"]
[Result "1-0"]
[WhiteTitle "GM"]
[BlackTitle "GM"]
[WhiteElo "2572"]
[BlackElo "2508"]
[WhiteFideId "44144474"]
[BlackFideId "5057000"]
[EventDate "2025.12.29"]

1. d4 Nf6 2. c4 e6 3. Nc3 c5 4. d5 d6 5. Nf3 a6 6. a4 Qe7 7. e3 g6 8. Be2 Bg7 9.
O-O O-O 10. Re1 exd5 11. cxd5 Bg4 12. Nd2 Bxe2 13. Qxe2 Nbd7 14. Nc4 Rab8 15. a5
Ne8 16. e4 Nc7 17. Bf4 Ne5 18. Bxe5 Bxe5 19. Nxe5 Qxe5 20. Qd2 b5 21. f4 Qe7 22.
e5 f5 23. b4 cxb4 24. Na2 Rbd8 25. e6 b3 26. Nb4 Rc8 27. Rab1 Ne8 28. Nc6 Qb7
29. Rxb3 Nf6 30. Qd4 Ne4 31. Rbe3 Rxc6 32. dxc6 Qxc6 33. Qb6 Rc8 34. Rd3 Kf8 35.
Rdd1 Qxb6+ 36. axb6 Rb8 37. Rc1 Ke7 38. Rc7+ Kxe6 39. b7 b4 40. Rxh7 Kd5 41. Rc7
Nc5 42. Rd1+ Ke6 43. Rc6 Ne4 44. Rb6 a5 45. Ra1 Nc5 46. Rxa5 Kd7 47. Rxb4 Kc7
48. Ra8 Nxb7 49. Rxb8 Kxb8 50. Ra4 Nc5 51. Ra3 Kc7 52. Rg3 Ne6 53. Rxg6 Nxf4 54.
Rf6 Ne2+ 55. Kf2 Nd4 56. Ke3 Nc2+ 57. Kf4 Ne1 58. g3 Kd7 59. Kxf5 Nf3 60. h4 d5
61. Kf4 Nd4 62. Ke5 Ne2 63. h5 d4 1-0

[Event "World Blitz 2025"]
[Site "Doha QAT"]
[Date "2025.12.30"]
[Round "19.60"]
[White "Gavrilescu, David"]
[Black "Amin, Bassem"]
[Result "1-0"]
[WhiteTitle "GM"]
[BlackTitle "GM"]
[WhiteElo "2542"]
[BlackElo "2626"]
[WhiteFideId "1227190"]
[BlackFideId "10601457"]
[EventDate "2025.12.29"]

1. e4 e5 2. Nf3 Nc6 3. Nc3 Nf6 4. Nd5 Be7 5. Bd3 O-O 6. c3 d6 7. Bc2 Bg4 8. h3
Bh5 9. Nxf6+ Bxf6 10. g4 Bg6 11. h4 h5 12. Ng5 Bxg5 13. gxh5 Bxe4 14. Bxe4 Bf4
15. Qg4 d5 16. Rg1 Qf6 17. Bxd5 e4 18. Bxc6 bxc6 19. d4 e3 20. Bxe3 Rfe8 21. Kd2
Bxe3+ 22. fxe3 Rab8 23. Raf1 Qh6 24. Kc2 Rxe3 25. Rf2 Qh7+ 26. Kc1 Rbe8 27. Rfg2
Re1+ 28. Rxe1 Rxe1+ 29. Kd2 Re6 30. Qg5 Re8 31. h6 g6 32. h5 Qh8 33. hxg6 f6 34.
Qf4 1-0

[Event "World Blitz 2025"]
[Site "Doha QAT"]
[Date "2025.12.30"]
[Round "19.61"]
[White "Zverev, Lev"]
[Black "Quparadze, Giga"]
[Result "1/2-1/2"]
[WhiteTitle "IM"]
[BlackTitle "GM"]
[WhiteElo "2453"]
[BlackElo "2502"]
[WhiteFideId "24250775"]
[BlackFideId "13602250"]
[EventDate "2025.12.29"]

1. e4 c5 2. Nf3 e6 3. d4 cxd4 4. Nxd4 a6 5. Bd3 d5 6. exd5 Qxd5 7. O-O Nd7 8.
Be3 Bc5 9. Nc3 Qe5 10. Be2 Ngf6 11. Na4 Ba7 12. c4 O-O 13. b4 Qc7 14. Qb3 b6 15.
Bf3 Bb7 16. Bxb7 Qxb7 17. b5 Ne5 18. bxa6 Qxa6 19. Nb5 Rab8 20. Nxa7 Qxa7 21.
Nxb6 Qc7 22. Rab1 Neg4 23. g3 Nd7 24. Qd1 Nxe3 25. Qxd7 Qe5 26. Rfe1 Qc5 27. Na4
Rxb1 28. Rxb1 Qf5 29. Rb5 Qc2 30. fxe3 Qxa4 31. Qd2 Qxc4 32. Qb2 Qd3 33. Kf2 Qd6
34. a4 h6 35. a5 Ra8 36. Rb6 Qd8 37. a6 Kh7 38. Qc2+ Kg8 39. Qb2 Kh7 40. Qc2+ g6
41. Qb2 Qd3 42. Rb8 Rxb8 43. Qxb8 Qxa6 44. Qf8 Qb7 45. h4 h5 46. Ke1 Qc7 47. Kf2
e5 48. Kg2 Qc6+ 49. Kf2 Qf6+ 50. Kg2 e4 51. Kh2 Qf3 52. Qe7 Kg7 53. Qe5+ Kg8 54.
Qe8+ Kh7 55. Qe7 Qf2+ 56. Kh1 Qf5 57. Kh2 Kg7 58. Qa7 Qf2+ 59. Kh1 Qxg3 60.
Qxf7+ Kxf7 1/2-1/2

[Event "World Blitz 2025"]
[Site "Doha QAT"]
[Date "2025.12.30"]
[Round "19.62"]
[White "Adhiban, Baskaran"]
[Black "Saraci, Nderim"]
[Result "1/2-1/2"]
[WhiteTitle "GM"]
[BlackTitle "IM"]
[WhiteElo "2557"]
[BlackElo "2461"]
[WhiteFideId "5018471"]
[BlackFideId "6351921"]
[EventDate "2025.12.29"]

1. d4 Nf6 2. Nf3 d5 3. c4 c6 4. Nc3 g6 5. cxd5 Nxd5 6. e4 Nxc3 7. bxc3 Bg7 8.
Bc4 O-O 9. O-O c5 10. h3 Nc6 11. Be3 cxd4 12. cxd4 Na5 13. Bd3 b6 14. Qd2 Bb7
15. Rac1 e6 16. Bh6 Qe7 17. h4 f5 18. Bxg7 Kxg7 19. Rfe1 Rac8 20. Rxc8 Rxc8 21.
exf5 Bxf3 22. gxf3 Qxh4 23. fxe6 Qxd4 24. e7 Re8 25. Re4 Qf6 26. Qe2 Nc6 27. Bb5
a6 28. Bxc6 Qxc6 29. Re6 Qc1+ 30. Kg2 Qg5+ 31. Kf1 Kf7 32. Rxb6 Rxe7 33. Qc4+
Kg7 34. Rxa6 Qe5 35. Kg2 h5 36. Qh4 Rf7 37. Qg3 Qf5 38. a4 h4 39. Qg4 Qxg4+ 40.
fxg4 Rf4 41. f3 g5 42. Ra7+ Kg6 43. Ra8 Kg7 44. a5 Ra4 45. a6 Ra2+ 46. Kg1 Ra1+
47. Kg2 Ra2+ 48. Kf1 Ra1+ 49. Kg2 Ra2+ 50. Kg1 Ra1+ 51. Kg2 1/2-1/2

[Event "World Blitz 2025"]
[Site "Doha QAT"]
[Date "2025.12.30"]
[Round "19.63"]
[White "Peyrer, Konstantin"]
[Black "Grebnev, Aleksey"]
[Result "0-1"]
[WhiteTitle "IM"]
[BlackTitle "GM"]
[WhiteElo "2496"]
[BlackElo "2632"]
[WhiteFideId "1640879"]
[BlackFideId "34189030"]
[EventDate "2025.12.29"]

1. Nf3 Nf6 2. c4 g6 3. g3 Bg7 4. Bg2 O-O 5. O-O d6 6. d4 Nc6 7. Nc3 Bf5 8. Nh4
Bd7 9. b3 Qc8 10. Bb2 Bh3 11. e4 a5 12. d5 Nb4 13. Qe2 e5 14. Rac1 Na6 15. f4
Bxg2 16. Nxg2 exf4 17. gxf4 Re8 18. e5 Nd7 19. Ne4 Nac5 20. Nxc5 Nxc5 21. Rce1
Qf5 22. Bd4 b6 23. Nh4 Qh3 24. Ng2 Qf5 25. Nh4 Qh3 26. Ng2 Rad8 27. Rf3 Qf5 28.
Ba1 Re7 29. Ne3 Qe4 30. Ng4 Qf5 31. Ne3 Qe4 32. Ng4 Qxe2 33. Rxe2 h5 34. Nf2
Rde8 35. Rfe3 Bh6 36. Rf3 Kh7 37. Kg2 Bg7 38. Rfe3 Bh6 39. Kf3 g5 40. Ne4 gxf4
41. Nf6+ Kg6 42. Rg2+ Kf5 43. Re1 dxe5 44. Ne4 Nxe4 45. Rxe4 f6 46. Bc3 Bg5 47.
Rd2 Rd7 48. Rde2 c6 49. Bd2 cxd5 50. cxd5 Rxd5 51. Bxf4 Rd3+ 52. Be3 Rc8 53. h4
Bxe3 54. R4xe3 Rcc3 55. Rxd3 Rxd3+ 56. Kg2 Ke6 0-1

[Event "World Blitz 2025"]
[Site "Doha QAT"]
[Date "2025.12.30"]
[Round "19.64"]
[White "Stribuk, Artiom"]
[Black "Henriquez Villagra, Cristobal"]
[Result "0-1"]
[WhiteTitle "IM"]
[BlackTitle "GM"]
[WhiteElo "2476"]
[BlackElo "2598"]
[WhiteFideId "13515659"]
[BlackFideId "3409350"]
[EventDate "2025.12.29"]

1. c4 g6 2. g3 Bg7 3. Bg2 Nf6 4. Nc3 O-O 5. d4 d6 6. Nf3 Bf5 7. Nh4 Bc8 8. O-O
e5 9. Nf3 Nc6 10. d5 Nb8 11. c5 a5 12. cxd6 cxd6 13. Nd2 Bd7 14. a4 Na6 15. Nc4
Qc7 16. b3 b6 17. Nb5 Bxb5 18. axb5 Nc5 19. Qc2 Rac8 20. Bh3 Nxb3 21. Ra4 Nd4
22. Qd3 Rcd8 23. e3 Nf3+ 24. Kh1 e4 25. Qd1 Nd7 26. Bxd7 Rxd7 27. Nd2 Nxd2 28.
Bxd2 f5 29. Qb3 Rc8 30. Rc1 Qxc1+ 31. Bxc1 Rxc1+ 32. Kg2 Rdc7 33. Ra2 h5 34. Rd2
R7c4 35. Qa3 Be5 36. f4 exf3+ 37. Kxf3 R1c3 38. Qa2 a4 39. Qb1 a3 40. Ra2 Re4
41. Kg2 Rcxe3 42. Qd1 Kh7 43. Rc2 Rc3 44. Rxc3 Bxc3 45. Qb3 Bb2 46. Kf3 Re7 47.
h3 Ra7 48. Qa2 Ra4 49. Ke2 Be5 50. Kf3 Kg7 51. Qb3 a2 0-1

[Event "World Blitz 2025"]
[Site "Doha QAT"]
[Date "2025.12.30"]
[Round "19.65"]
[White "Motylev, Alexander"]
[Black "Tin, Jingyao"]
[Result "1-0"]
[WhiteTitle "GM"]
[BlackTitle "GM"]
[WhiteElo "2573"]
[BlackElo "2584"]
[WhiteFideId "4121830"]
[BlackFideId "5804418"]
[EventDate "2025.12.29"]

1. d4 d5 2. Nf3 Nf6 3. g3 Bf5 4. Bg2 h6 5. c4 c6 6. Nc3 e6 7. Qb3 Qb6 8. c5 Qxb3
9. axb3 Na6 10. Bf4 Nb4 11. Ra4 a5 12. O-O Nd7 13. Rfa1 g5 14. Rxb4 gxf4 15.
Rxb7 e5 16. b4 Bg7 17. dxe5 fxg3 18. hxg3 Nxe5 19. Rxa5 Nxf3+ 20. Bxf3 Rc8 21.
b5 O-O 22. bxc6 Bxc3 23. bxc3 Rxc6 24. Bxd5 Rf6 25. c6 Rd8 26. c7 Rc8 27. Rb8
Kg7 28. Rxc8 Bxc8 29. Ra8 1-0

[Event "World Blitz 2025"]
[Site "Doha QAT"]
[Date "2025.12.30"]
[Round "19.66"]
[White "Siddharth, Jagadeesh"]
[Black "Yilmaz, Mustafa"]
[Result "1-0"]
[WhiteTitle "GM"]
[BlackTitle "GM"]
[WhiteElo "2489"]
[BlackElo "2595"]
[WhiteFideId "5818320"]
[BlackFideId "6302718"]
[EventDate "2025.12.29"]

1. c4 e5 2. Nc3 Nf6 3. Nf3 Nc6 4. e3 Bb4 5. Qc2 Bxc3 6. Qxc3 Qe7 7. a3 d5 8. d4
exd4 9. Nxd4 Nxd4 10. Qxd4 c5 11. Qh4 g5 12. Qxg5 Rg8 13. Qf4 Rg4 14. Qf3 dxc4
15. h3 Rg6 16. Bxc4 Be6 17. Bxe6 Qxe6 18. Qxb7 Rd8 19. Bd2 Ne4 20. Ba5 Rd7 21.
Qb5 Rxg2 22. Rd1 Ke7 23. Rxd7+ Qxd7 24. Qxd7+ Kxd7 25. Rf1 Rh2 26. f3 Nd6 27.
Rf2 Rxh3 28. Ke2 h5 29. Bc3 Ke6 30. e4 Rh1 31. Ke3 f6 32. Kf4 Nf7 33. Rg2 Ng5
34. e5 Nh3+ 35. Kg3 fxe5 36. Re2 Kd6 37. Bxe5+ Kd5 38. Kg2 Ng1 39. Rd2+ Kxe5 40.
Kxh1 Nxf3 41. Rd7 a5 42. Ra7 Nd2 43. Rxa5 Kd4 44. a4 Kd5 1-0

[Event "World Blitz 2025"]
[Site "Doha QAT"]
[Date "2025.12.30"]
[Round "19.67"]
[White "Movahed, Sina"]
[Black "Bjerre, Jonas Buhl"]
[Result "1-0"]
[WhiteTitle "GM"]
[BlackTitle "GM"]
[WhiteElo "2596"]
[BlackElo "2623"]
[WhiteFideId "42520835"]
[BlackFideId "1444948"]
[EventDate "2025.12.29"]

1. e4 e5 2. Nf3 Nc6 3. Bb5 a6 4. Ba4 Nf6 5. Qe2 b5 6. Bb3 Bc5 7. c3 d6 8. d3 h6
9. h3 Rb8 10. Nbd2 O-O 11. g4 d5 12. Nf1 Qd6 13. Ng3 a5 14. exd5 a4 15. Bc2 Nxd5
16. g5 f5 17. gxh6 Nf4 18. Bxf4 exf4 19. hxg7 Kxg7 20. Nh5+ Kh6 21. d4 Bb6 22.
O-O-O a3 23. Ne5 axb2+ 24. Kb1 Nxe5 25. dxe5 Qe7 26. Rhg1 Qh4 27. e6 Qxh5 28. e7 1-0

[Event "World Blitz 2025"]
[Site "Doha QAT"]
[Date "2025.12.30"]
[Round "19.68"]
[White "Goutham Krishna H"]
[Black "Jumabayev, Rinat"]
[Result "1/2-1/2"]
[WhiteTitle "IM"]
[BlackTitle "GM"]
[WhiteElo "2433"]
[BlackElo "2560"]
[WhiteFideId "25983504"]
[BlackFideId "13702661"]
[EventDate "2025.12.29"]

1. d4 Nf6 2. c4 e6 3. Nf3 Bb4+ 4. Bd2 c5 5. Bxb4 cxb4 6. g3 b6 7. Bg2 Bb7 8. O-O
O-O 9. a3 Na6 10. Qe1 Qe7 11. Nbd2 bxa3 12. Rxa3 Nb4 13. Qb1 d6 14. Rc1 g6 15.
h3 Rfc8 16. Rac3 a5 17. b3 Rc7 18. e4 e5 19. Re3 Re8 20. Rce1 Nh5 21. Qb2 Qf6
22. Nb1 b5 23. dxe5 dxe5 24. Na3 bxc4 25. Nxc4 Rc5 26. Ra1 Ba6 27. Rxa5 Rxa5 28.
Nxa5 Qb6 29. Nc4 Bxc4 30. bxc4 Qc5 31. Rb3 Nc6 32. Rb5 Qxc4 33. Nxe5 Nxe5 34.
Rxe5 Rxe5 35. Qb8+ Kg7 36. Qxe5+ Nf6 37. g4 h6 38. h4 Qc1+ 39. Kh2 g5 40. h5 Qd2
41. Kg3 Qd3+ 42. Bf3 Qd2 43. Kg2 Qd8 44. Qc3 Kg8 45. e5 Nd5 46. Bxd5 Qxd5+ 47.
f3 Qa2+ 48. Kg3 Qe2 49. Qd4 Qe1+ 50. Kg2 Qe2+ 51. Kg3 Qe1+ 52. Kg2 Qe2+ 53. Kg3 1/2-1/2

[Event "World Blitz 2025"]
[Site "Doha QAT"]
[Date "2025.12.30"]
[Round "19.85"]
[White "Ansat, Aldiyar"]
[Black "Samadov, Read"]
[Result "1-0"]
[WhiteTitle "IM"]
[BlackTitle "IM"]
[WhiteElo "2479"]
[BlackElo "2510"]
[WhiteFideId "13715658"]
[BlackFideId "13417444"]
[EventDate "2025.12.29"]

1. e4 c5 2. Nf3 d6 3. d4 cxd4 4. Nxd4 Nf6 5. Bd3 Nc6 6. Be3 g6 7. h3 Bg7 8. c4
Ng4 9. hxg4 Bxd4 10. Bxd4 Nxd4 11. Nc3 e5 12. f3 Be6 13. Qd2 Rc8 14. b3 a6 15.
Ne2 Nc6 16. Rd1 Qb6 17. Bb1 Rd8 18. Qg5 Kd7 19. Qh4 Kc7 20. g5 Qc5 21. Qf2 Rd7
22. Qxc5 dxc5 23. Rxd7+ Kxd7 24. Kf2 Ke7 25. Nc3 Nd4 26. Na4 Kd6 27. Nb6 Bd7 28.
Nd5 b5 29. Bd3 Ne6 30. Nf6 Bc6 31. Rxh7 Rf8 32. g3 Nxg5 33. Rh1 Ne6 34. Ke3 Nd4
35. Ng4 f5 36. exf5 Bxf3 37. Rh6 Bxg4 38. Rxg6+ Ke7 39. Rxg4 Nxf5+ 40. Bxf5 Rxf5
41. Rg7+ Kf6 42. Ra7 bxc4 43. Rxa6+ Kg5 44. bxc4 Rf1 45. Ra8 Rc1 46. Kd3 Kf5 47.
Rf8+ Ke6 48. Re8+ Kd6 49. Rg8 Ra1 50. Rg6+ Kd7 51. Ra6 Rg1 52. Ke4 Rxg3 53. Kxe5
Rg4 54. Kd5 Rg5+ 55. Ke4 Rg4+ 56. Kd3 Rg3+ 57. Kc2 Kc7 58. Kb2 Kb7 59. Rh6 Rf3
60. Re6 Rg3 61. Kc2 Ra3 62. Kb2 Rh3 63. Rd6 Rg3 64. a4 Rh3 65. a5 Rg3 66. Rb6+
Ka7 67. Rc6 Rg5 68. Kb3 Kb7 69. Rb6+ Ka7 70. Ka4 Rg1 71. Kb5 Rh1 72. Kxc5 Rh5+
73. Kb4 Rh1 74. Rg6 Kb7 75. Kb5 Rb1+ 76. Kc5 Ra1 77. a6+ Ka7 78. Kd5 Rd1+ 79.
Kc5 Rh1 80. Kb5 Rb1+ 81. Kc5 Rh1 82. Rf6 Rb1 83. Re6 Rh1 84. Kb5 Rb1+ 85. Kc6
Kxa6 86. c5 Rd1 87. Kc7+ Ka7 88. Re2 Ka6 89. Ra2+ Kb5 90. c6 Rc1 91. Kb7 1-0

[Event "World Blitz 2025"]
[Site "Doha QAT"]
[Date "2025.12.30"]
[Round "19.86"]
[White "Materia, Marco"]
[Black "Meng, Yihan"]
[Result "1-0"]
[WhiteTitle "IM"]
[BlackTitle "IM"]
[WhiteElo "2497"]
[BlackElo "2456"]
[WhiteFideId "45150451"]
[BlackFideId "8631891"]
[EventDate "2025.12.29"]

1. d4 d5 2. c4 dxc4 3. Nf3 Nf6 4. e3 e6 5. Bxc4 c5 6. O-O a6 7. e4 b5 8. Be2
Nxe4 9. a4 b4 10. Nbd2 Bb7 11. Nxe4 Bxe4 12. Be3 cxd4 13. Nxd4 Nc6 14. Bf3 Bxf3
15. Qxf3 Nxd4 16. Bxd4 Qd5 17. Qe3 Be7 18. Rfd1 Qg5 19. Qxg5 Bxg5 20. Bxg7 Rg8
21. Be5 Rc8 22. Rd6 f6 23. Bg3 Bc1 24. b3 Kf7 25. Rxa6 Rc3 26. h4 Bb2 27. Rb1
Rxb3 28. Kh2 Rd8 29. a5 Rdd3 30. Rb6 Ba3 31. Rxb3 Rxb3 32. a6 Bc1 33. a7 Ra3 34.
Bb8 Bd2 35. Rb7+ Kg6 36. Bd6 Ra6 37. Bc5 Bf4+ 38. g3 Be5 39. Rxb4 Ra5 40. Be3
Ra2 41. Rb8 1-0

[Event "World Blitz 2025"]
[Site "Doha QAT"]
[Date "2025.12.30"]
[Round "19.87"]
[White "Dardha, Daniel"]
[Black "Khubukshanov, Erdem"]
[Result "1-0"]
[WhiteTitle "GM"]
[BlackTitle "IM"]
[WhiteElo "2603"]
[BlackElo "2502"]
[WhiteFideId "240990"]
[BlackFideId "54114527"]
[EventDate "2025.12.29"]

1. Nf3 Nf6 2. c4 c5 3. Nc3 Nc6 4. g3 d5 5. d4 cxd4 6. Nxd4 dxc4 7. Nxc6 Qxd1+ 8.
Nxd1 bxc6 9. Ne3 Be6 10. Bg2 Bd5 11. O-O Rb8 12. b3 c3 13. Ba3 Bxg2 14. Kxg2 Nd5
15. Nc4 e6 16. Bxf8 Rxf8 17. Rfc1 f5 18. Ne3 Rc8 19. Nd1 Ke7 20. Nxc3 Rfd8 21.
e4 Nb4 22. exf5 exf5 23. Re1+ Kf6 24. Re2 Rd3 25. Rc1 Rcd8 26. a3 Na6 27. b4 c5
28. Nb5 R3d5 29. bxc5 Nxc5 30. Nc7 Nd3 31. Nxd5+ Rxd5 32. Rc6+ Kg5 33. Re7 g6
34. Rxh7 f4 35. Rf7 Ra5 36. h4+ Kh6 37. gxf4 Kh5 38. Kg3 Kh6 39. Rcc7 g5 40.
Rf6+ 1-0